000 00864nam a22002177a 4500
003 UA-OsUOA
001 117219
007 ta
008 20160510b un ||||| |||| 00| 0 ukr d
100 _aЯцина С.
090 _a82
_bЯ93
942 _cSA
040 _aUA-OsUOA
_bukr
_cUA-OsUOA
_dUA-OsUOA
245 _aМетодика використання інноваційних технологій для формування професійних умінь у майбутніх учителів -словесників на заняття з літературознавчих дисциплін
300 _aС.29-34
955 _a0
041 _aukr
080 _a82
773 0 _w117215
_tУкраїнська мова і література в школі
_dК.
_d2016
_g1
650 7 _a82 Література. Літературознавство
_2UDC
999 _c403200
_d403200